000 00563nam a2200157 a 4500
005 20140412111311.0
008 010402s19uu xx 00 eng d
020 _a0-201-29063-4
050 _aTR(GS) 372.3
_bW56.K 1994
100 _aWinnett, David A.
245 _aDiscovery science, kindergarten :
_bexplorations for the early years /
_cDavid A. Winnett; Robert A. Williams; Elizabeth A. Sherwood; Robert E. Rockwell.
260 _aU. S. A :
_bDale Seymour Publications,
_c1994.
300 _a291p.
650 _aScience - Juvenile literature
999 _c103988
_d103988